MDQL
is popping MORE tags! Check the
thread
!
Quizzes
Events
Quiz Creation
Community
Videos
Private Events
Remove Ads
Sign In
Join for FREE
Feedback
Dark Mode
Quiz Categories
Sports
Geography
Music
Movies
Television
Just For Fun
Miscellaneous
History
Literature
Language
Science
Gaming
Entertainment
Religion
Holiday
For Kids
Quiz Lab
Recent
Popular Today
Quiz Kudos Today
Editor Picks
Curator Picks
Quizzes by...
Day
Popularity
Type
Ratings
Length
Year
Community
Subscriptions
Recent Discussions
Orange Saloon
Badges
Playlists
Quests
Create
Leaderboards
Showdown
Live 5
Trivia Bingo
Activity
Puzzle Library
Sporcle Events
Private Events
Virtual Trivia
Globe League
Become a Host
Pub Owners
SporcleCon
Opinionation
Our Games
Videos
Blog
Mobile Apps
Partnerships
Remove Ads and Go Orange
Feedback
Television
TV Characters
TV Show
Sitcom
Network
Friends
Reality Shows
Cast
South Park
Star Trek
The Simpsons
Doctor Who
Television
TV Characters
TV Show
Sitcom
Network
Friends
Reality Shows
Cast
South Park
Star Trek
The Simpsons
Doctor Who
Random Quiz
Search Sporcle
×
Quiz Lab
Quiz Lab
Television
Cast
Type in answers that appear in a list
Type in answers that appear in a list
Classic
Best Score? Go Orange.
Survivor Winners Stats
Can you name the Survivor Castmates?
By
maccciscooox0
15m
25 Questions
36 Plays
36 Plays
36 Plays
Comments
Comments
Give Quiz Kudos
Give Quiz Kudos
-
- Ratings
hide this ad
Replay
Link that replays current quiz
Next Quiz
Link to next quiz in quiz playlist
You Got
0%
They Got
Avg Score
85%
Avg Friend Score
Upgrade to see
Score Distribution
Jump to the score distribution portion of the page
Score
0/25
Timer
15:00
0
Plays Today
Season(s)
Cast Mate
% Correct
Borneo
Richard Hatch
94.4%
Australian Outback
Tina Wesson
91.7%
All-
Stars
Amber Brkich
91.7%
Palau
Tom Westman
91.7%
Redemption Island
Rob Mariano
91.7%
Pearl Islands
Sandra Diaz-Twine
88.9%
Heroes vs Villians
Sandra Diaz-Twine
88.9%
One World
Kim Spradlin
88.9%
Caramoan
John Cochran
87%
Africa
Ethan Zohn
86.1%
Thailand
Brian Heidik
86.1%
The Amazon
Jenna Morasca
86.1%
Cook Islands
Yul Kwon
86.1%
Season(s)
Cast Mate
% Correct
Fiji
Earl Cole
86.1%
Micronesia
Parvati Shallow
86.1%
Gabon
Robert Crowley
86.1%
Tocantins
James Thomas JR
86.1%
Samoa
Natalie White
86.1%
Marquesas
Vecepia Towery
83.3%
Vanuatu
Chris Daugherty
83.3%
Guatemala
Danni Boatwright
83.3%
China
Todd Herzog
83.3%
Nicaragua
Jud Birza
83.3%
South Pacific
Sophie Clark
83.3%
Panama
Aras Baskauskas
80.6%
Quiz Playlist
Details
Report
Send in Message
Add To Playlist
Classic:
Type in answers that appear in a list
Last Updated: Feb 16, 2017
Quiz Scoreboard
CHALLENGE
Sign Up to Join the Scoreboard
Show All
Scores
Hide
Comments
May contain spoilers
Recently Published
1-10 Letter E Words III
by El_Dandy
Language
2m
Street Fighter Characters
by Artimus82
Gaming
60s
College Basketball Coaching Resumes
by pancakes188
Sports
9m
More to Explore
Quiz From the Vault
Featured Blog Post
Where Did the Easter Bunny Come From?
hide this ad
You Might Also Like...
Tags
Cast Quiz
mate
season
Survivor
Today's Top Quizzes in Television
Browse Television
hide this ad
Today's Top Quizzes in Cast
Browse Cast
Top Contributed Quizzes in Television
1
Survivor Journey Challenge
2
Adjectives in 80s TV Shows
3
Adjectives in 00s TV Shows
4
5-to-1: The Simpsons Families
5
Adjectives in 10s TV Shows
6
5-to-1: Television Doctors
7
7-to-1: TV Show Settings
8
Adjectives in 70s TV Shows
9
5-to-1: Streaming Originals
10
Survivor Seasons
Explore More
Trending Topics
Anime
Kpop
Crossword
Marvel
NBA
Harry Potter
Disney
Song
NFL
The Office
Country
Puzzle
Pokémon
WWE
Soccer
hide this ad
More By:
maccciscooox0
Quiz
Plays
Rating
Category
Featured
Created
MTV Challengers
4,850
4.25
Television
Sep 5, 2012
Degrassi Characters
2,479
2.67
Television
Dec 30, 2010
MTV Real World Castmates
680
2.33
Television
Sep 10, 2012
Big Brother Canada 1 Contestants
371
Television
Apr 10, 2013
The Maine Lyrics
368
5.00
Music
Jul 6, 2011
Go to Creator's Profile
Score Distribution
Quiz Creator Spotlight
maccciscooox0
Follow
Send a Message
Quizzes Created
-
Created Quiz Play Count
-
More By This Creator
Popular Quizzes Today
1
Find the US States - No Outlines Minefield
2
Find the Countries of Europe - No Outlines Minefield
3
Find the US States
4
The Countries of the World
5
Risky Map Clicking: Biggest States A-Z
6
US States
7
Popular People in 1961
8
Movies - When Are They Set?
More Television Quizzes
The Office Relationship Tree
Curator's Pick
Trending Quizzes
Risky Map Clicking: Least Populous States A-Z
1-10 Letter G Words
Countries of the World: 200 Million BC
1-10 Letter F Words
Risky Map Clicking: Next State Alphabetically
Recently Updated
Largest US Cities 1790-2010
pecheneg
Rides in Walt Disney World
pecheneg
Most Oscar Losses (Acting)
pecheneg
Beyoncé Albums
pecheneg
Leaping Animals
pecheneg
Reality TV Shows (A-Z)
bhenderson79
Rickey Henderson's Hall of Fame Teammates
pecheneg
Champions League XIs: Arsenal
pecheneg
Quick Pick: Celebrities in WWE's Hall of Fame
aduchscher
A-Z Keypad Blitz II
pecheneg
Trending Topics
Disney
Anime
NBA
Marvel
Harry Potter
Crossword
Kpop
The Office
Puzzle
Country
Song
NFL
Pokémon
Soccer
WWE
Your Account Isn't Verified!
In order to create a playlist on Sporcle, you need to verify the email address you used during registration. Go to your
Sporcle Settings
to finish the process.
Report this User
Report this user for behavior that violates our
Community Guidelines
.
Details:
Send Report
Go to the Sporcle.com Mobile Site →
Comments